Probing the atmospheric boundary layer /

Bibliographic Details
Corporate Authors: American Meteorological Society, National Center for Atmospheric Research (U.S.)
Other Authors: Lenschow, D. H.
Format: Book
Language:English
Published: Boston : American Meteorological Society, [1986]
Subjects:

MARC

Tag First Indicator Second Indicator Subfields
LEADER 00000cam a2200000 a 4500
001 in00000015985
005 20151007052641.0
008 861022s1986 maua b 00000 eng d
020 |a 0933876637 
035 |a (OCoLC)14471925 
035 |9 AAA8670AM 
040 |a CON  |c CON  |d TXA  |d UtOrBLW 
049 |a TXAM  |c [A12609257] 
050 4 |a QC880.4.B65  |b P76 1986 
245 0 0 |a Probing the atmospheric boundary layer /  |c Donald H. Lenschow, Editor. 
264 1 |a Boston :  |b American Meteorological Society,  |c [1986] 
264 4 |c ©1986 
300 |a v, 269 pages :  |b illustrations ;  |c 29 cm. 
336 |a text  |b txt  |2 rdacontent 
337 |a unmediated  |b n  |2 rdamedia 
338 |a volume  |b nc  |2 rdacarrier 
504 |a Bibliography: pages 243-266. 
500 |a Includes index. 
500 |a "This book is sponsored by the American Meteorological Society in cooperation with the National Center for Atmospheric Research (NCAR)." 
650 0 |a Boundary layer (Meteorology) 
700 1 |a Lenschow, D. H. 
710 2 |a American Meteorological Society. 
710 2 |a National Center for Atmospheric Research (U.S.) 
999 |a MARS 
999 f f |s 9b3ca788-912c-3276-8d7d-daa83b9783a9  |i fc4549c4-b0af-3027-a306-7b56f36634cf  |t 0 
952 f f |p normal  |a Texas A&M University  |b College Station  |c Sterling C. Evans Library  |d Evans: Library Stacks  |t 0  |e QC880.4.B65 P76 1986  |h Library of Congress classification  |i unmediated -- volume  |m A14812609257 
998 f f |a QC880.4.B65 P76 1986  |t 0  |l Evans: Library Stacks